Logo BPK

Biblioteka

Politechniki Koszalińskiej

Teoria maszyn i mechanizmów. (Rekord nr 4732)

Szczegóły MARC
000 -ETYKIETA REKORDU
podpole kontrolne o stałej długości 00457nam a2200169 i 4500
001 - NUMER KONTROLNY REKORDU
pole kontrolne bg
040 ## - ŹRÓDŁO KATALOGOWANIA
Instytucja, która utworzyła rekord BPK
041 ## - KOD JĘZYKA
Kod języka tekstu pol
008 - POLE O STAŁEJ DŁUGOŚCI - DANE KONTROLNE
podpole kontrolne o stałej długości s pl f |000 0 pol
100 1# - NAZWA OSOBOWA
Nazwa osobowa MŁYNARSKI, T.
245 #0 - TYTUŁ/ODPOWIEDZIALNOŚĆ
Tytuł Teoria maszyn i mechanizmów.
Oznaczenie części/sekcji dzieła Cz. 2
Tytuł części/sekcji dzieła Synteza charakterystyk... /
Pozostałe elementy strefy tytułu i oznaczenia odpowiedzialności T. Młynarski, A. Listwan, E. Pazderski.
250 ## - STREFA WYDANIA
Oznaczenie wydania Wyd. 2 poszerz.
260 ## - STREFA ADRESU WYDAWNICZEGO
Miejsce wydania Kraków,
Data publikacji, dystrybucji/powstania dokumentu 1990.
700 1# - HASŁO DODATKOWE - NAZWA OSOBOWA
Nazwa osobowa LISTWAN, A.
700 1# - HASŁO DODATKOWE - NAZWA OSOBOWA
Nazwa osobowa PAZDERSKI, E.
856 ## - LOKALIZACJA I DOSTĘP DO ELEKTRONICZNYCH DOKUMENTÓW ZDALNYCH
Link (URL) http://koha.tu.koszalin.pl/cgi-bin/koha/opac-detail.pl?biblionumber=4732
Tekst linku Katalog online BPK
942 ## - DODATKOWE ELEMENTY (KOHA)
Typ dokumentu Książka
Egzemplarze
Wycofany Status egzemplarza Uszkodzony Dostępność Lokalizacja stała Lokalizacja bieżąca Miejsce przechowywania Sygnatura Kod kreskowy Typ dokumentu
      Dostępny Biblioteka Politechniki Koszalińskiej Biblioteka Politechniki Koszalińskiej Wypożyczalnia BG P 42057 01475784 Książka
© 2023 Biblioteka Politechniki Koszalińskiej :: KOHA